日本の空港のIATA・ICAOコード - Statistics

General Stats
  • This quiz has been taken 208 times
  • The average score is 19 of 183
Answer Stats
空港種別 都道府県 空港名 種類 コード % Correct
拠点・会社 千葉県 成田 IATA NRT
97%
拠点・国 東京都 東京(羽田) IATA HND
92%
拠点・会社 大阪府 大阪(伊丹) IATA ITM
87%
拠点・会社 大阪府 関西 IATA KIX
76%
拠点・国 北海道 新千歳 IATA CTS
70%
拠点・国 北海道 函館 IATA HKD
56%
拠点・国 福岡県 福岡 IATA FUK
52%
拠点・国 長崎県 長崎 IATA NGS
50%
拠点・会社 愛知県 中部 IATA NGO
48%
拠点・国 大分県 大分 IATA OIT
48%
拠点・国 沖縄県 那覇 IATA OKA
35%
地方 島根県 隠岐 IATA OKI
33%
拠点・国 宮城県 仙台 IATA SDJ
33%
拠点・国 熊本県 熊本 IATA KMJ
31%
地方 北海道 女満別 IATA MMB
25%
拠点・国 愛媛県 松山 IATA MYJ
25%
共用 北海道 札幌(丘珠) IATA OKD
24%
拠点・国 北海道 稚内 IATA WKJ
24%
地方 岡山県 岡山 IATA OKJ
23%
地方 長崎県 壱岐 IATA IKI
22%
拠点・国 福岡県 北九州 IATA KKJ
22%
拠点・国 香川県 高松 IATA TAK
22%
拠点・国 広島県 広島 IATA HIJ
21%
共用 山口県 岩国 IATA IWK
21%
地方 鹿児島県 屋久島 IATA KUM
21%
拠点・特定地方 北海道 旭川 IATA AKJ
20%
地方 沖縄県 新石垣 IATA ISG
20%
拠点・国 新潟県 新潟 IATA KIJ
20%
拠点・国 鹿児島県 鹿児島 IATA KOJ
20%
共用 徳島県 徳島 IATA TKS
20%
地方 青森県 青森 IATA AOJ
18%
拠点・特定地方 山口県 山口宇部 IATA UBJ
18%
地方 福井県 福井 IATA FKJ
16%
地方 北海道 利尻 IATA RIS
16%
拠点・国 東京都 東京(羽田) ICAO RJTT
15%
地方 兵庫県 神戸 IATA UKB
15%
地方 鹿児島県 奄美 IATA ASJ
14%
共用 茨城県 百里(茨城) IATA IBR
14%
地方 富山県 富山 IATA TOY
14%
共用 鳥取県 美保(米子) IATA YGJ
14%
地方 長野県 松本 IATA MMJ
13%
地方 鳥取県 鳥取 IATA TTJ
13%
拠点・特定地方 秋田県 秋田 IATA AXT
12%
地方 福島県 福島 IATA FKS
12%
拠点・国 高知県 高知 IATA KCZ
12%
共用 青森県 三沢 IATA MSJ
12%
拠点・特定地方 北海道 帯広 IATA OBO
12%
地方 北海道 礼文 IATA RBJ
12%
地方 沖縄県 伊江島 IATA IEJ
11%
拠点・会社 千葉県 成田 ICAO RJAA
11%
地方 沖縄県 波照間 IATA HTR
10%
地方 島根県 石見 IATA IWJ
10%
地方 島根県 出雲 IATA IZO
10%
拠点・国 宮崎県 宮崎 IATA KMI
10%
共用 石川県 小松 IATA KMQ
10%
拠点・会社 大阪府 大阪(伊丹) ICAO RJOO
10%
地方 長崎県 福江 IATA FUJ
9%
拠点・国 北海道 釧路 IATA KUH
9%
拠点・会社 大阪府 関西 ICAO RJBB
9%
地方 静岡県 静岡 IATA FSZ
8%
拠点・特定地方 山形県 山形 IATA GAJ
8%
地方 東京都 八丈島 IATA HAC
8%
地方 鹿児島県 喜界 IATA KKX
8%
地方 北海道 紋別 IATA MBE
8%
地方 秋田県 大館能代 IATA ONJ
8%
拠点・国 北海道 新千歳 ICAO RJCC
8%
拠点・会社 愛知県 中部 ICAO RJGG
8%
拠点・国 宮城県 仙台 ICAO RJSS
8%
地方 沖縄県 下地島 IATA SHI
8%
地方 沖縄県 粟国 IATA AGJ
7%
地方 岩手県 花巻 IATA HNA
7%
地方 沖縄県 宮古 IATA MMY
7%
地方 山形県 庄内 IATA SYO
7%
地方 長崎県 対馬 IATA TSJ
7%
その他 愛知県 名古屋 IATA NKM
6%
拠点・国 福岡県 福岡 ICAO RJFF
6%
その他 熊本県 天草 IATA AXJ
5%
地方 佐賀県 佐賀 IATA HSG
5%
地方 沖縄県 北大東 IATA KTD
5%
地方 石川県 能登 IATA NTQ
5%
地方 沖縄県 与那国 IATA OGN
5%
地方 鹿児島県 沖永良部 IATA OKE
5%
拠点・国 北海道 函館 ICAO RJCH
5%
拠点・国 北海道 釧路 ICAO RJCK
5%
共用 北海道 札幌(丘珠) ICAO RJCO
5%
拠点・国 鹿児島県 鹿児島 ICAO RJFK
5%
拠点・国 新潟県 新潟 ICAO RJSN
5%
地方 北海道 中標津 IATA SHB
5%
地方 和歌山県 南紀白浜 IATA SHM
5%
地方 鹿児島県 種子島 IATA TNE
5%
地方 沖縄県 多良間 IATA TRA
5%
地方 沖縄県 南大東 IATA MMD
4%
地方 兵庫県 神戸 ICAO RJBE
4%
拠点・特定地方 北海道 帯広 ICAO RJCB
4%
拠点・国 北海道 稚内 ICAO RJCW
4%
拠点・国 熊本県 熊本 ICAO RJFT
4%
地方 青森県 青森 ICAO RJSA
4%
地方 福島県 福島 ICAO RJSF
4%
地方 岩手県 花巻 ICAO RJSI
4%
地方 秋田県 大館能代 ICAO RJSR
4%
地方 山形県 庄内 ICAO RJSY
4%
地方 東京都 大島 ICAO RJTO
4%
地方 東京都 大島 IATA OIM
3%
地方 東京都 新島 ICAO RJAN
3%
地方 東京都 神津島 ICAO RJAZ
3%
地方 和歌山県 南紀白浜 ICAO RJBD
3%
その他 兵庫県 但馬 ICAO RJBT
3%
地方 北海道 女満別 ICAO RJCM
3%
地方 北海道 中標津 ICAO RJCN
3%
地方 北海道 礼文 ICAO RJCR
3%
地方 鹿児島県 屋久島 ICAO RJFC
3%
地方 鹿児島県 種子島 ICAO RJFG
3%
拠点・国 宮崎県 宮崎 ICAO RJFM
3%
拠点・国 大分県 大分 ICAO RJFO
3%
拠点・国 福岡県 北九州 ICAO RJFR
3%
地方 佐賀県 佐賀 ICAO RJFS
3%
拠点・国 長崎県 長崎 ICAO RJFU
3%
その他 愛知県 名古屋 ICAO RJNA
3%
地方 岡山県 岡山 ICAO RJOB
3%
共用 山口県 岩国 ICAO RJOI
3%
拠点・国 高知県 高知 ICAO RJOK
3%
共用 徳島県 徳島 ICAO RJOS
3%
その他 大阪府 八尾 ICAO RJOY
3%
拠点・特定地方 山形県 山形 ICAO RJSC
3%
地方 新潟県 佐渡 ICAO RJSD
3%
拠点・特定地方 秋田県 秋田 ICAO RJSK
3%
その他 東京都 調布 ICAO RJTF
3%
地方 東京都 八丈島 ICAO RJTH
3%
拠点・国 沖縄県 那覇 ICAO ROAH
3%
地方 新潟県 佐渡 IATA SDS
3%
その他 兵庫県 但馬 IATA TJH
3%
地方 鹿児島県 徳之島 IATA TKN
3%
地方 沖縄県 久米島 IATA UEO
3%
地方 沖縄県 慶良間 IATA KJP
2%
地方 東京都 三宅島 IATA MYE
2%
地方 長野県 松本 ICAO RJAF
2%
共用 茨城県 百里(茨城) ICAO RJAH
2%
その他 岡山県 岡南 ICAO RJBK
2%
拠点・特定地方 北海道 旭川 ICAO RJEC
2%
地方 北海道 奥尻 ICAO RJEO
2%
地方 長崎県 福江 ICAO RJFE
2%
拠点・国 広島県 広島 ICAO RJOA
2%
地方 島根県 出雲 ICAO RJOC
2%
共用 鳥取県 美保(米子) ICAO RJOH
2%
拠点・国 愛媛県 松山 ICAO RJOM
2%
拠点・国 香川県 高松 ICAO RJOT
2%
地方 島根県 石見 ICAO RJOW
2%
共用 青森県 三沢 ICAO RJSM
2%
地方 東京都 三宅島 ICAO RJTQ
2%
地方 北海道 奥尻 IATA OIR
1%
その他 熊本県 天草 ICAO RJDA
1%
地方 長崎県 壱岐 ICAO RJDB
1%
拠点・特定地方 山口県 山口宇部 ICAO RJDC
1%
地方 長崎県 上五島 ICAO RJDK
1%
地方 長崎県 小値賀 ICAO RJDO
1%
地方 長崎県 対馬 ICAO RJDT
1%
地方 北海道 紋別 ICAO RJEB
1%
地方 北海道 利尻 ICAO RJER
1%
地方 鹿児島県 奄美 ICAO RJKA
1%
地方 鹿児島県 沖永良部 ICAO RJKB
1%
地方 鹿児島県 喜界 ICAO RJKI
1%
地方 鹿児島県 徳之島 ICAO RJKN
1%
地方 福井県 福井 ICAO RJNF
1%
共用 石川県 小松 ICAO RJNK
1%
地方 島根県 隠岐 ICAO RJNO
1%
地方 静岡県 静岡 ICAO RJNS
1%
地方 富山県 富山 ICAO RJNT
1%
地方 石川県 能登 ICAO RJNW
1%
地方 鳥取県 鳥取 ICAO RJOR
1%
地方 鹿児島県 与論 IATA RNJ
1%
地方 沖縄県 新石垣 ICAO ROIG
1%
地方 沖縄県 久米島 ICAO ROKJ
1%
地方 沖縄県 慶良間 ICAO ROKR
1%
地方 沖縄県 南大東 ICAO ROMD
1%
地方 沖縄県 宮古 ICAO ROMY
1%
地方 沖縄県 粟国 ICAO RORA
1%
地方 沖縄県 伊江島 ICAO RORE
1%
地方 沖縄県 波照間 ICAO RORH
1%
地方 沖縄県 北大東 ICAO RORK
1%
地方 沖縄県 下地島 ICAO RORS
1%
地方 沖縄県 多良間 ICAO RORT
1%
地方 鹿児島県 与論 ICAO RORY
1%
地方 沖縄県 与那国 ICAO ROYN
1%
No matching quizzes found
Score Distribution
Percent of People with Each Score
Percentile by Number Answered
Your Score History
You have not taken this quiz